|
|
|
|
| LEADER |
02158nam a2200469 i 4500 |
| 001 |
EBC1441796 |
| 003 |
MiAaPQ |
| 005 |
20200903223051.0 |
| 006 |
m o d | |
| 007 |
cr cnu|||||||| |
| 008 |
130318t20132013dcu o 001 0 eng|d |
| 020 |
|
|
|z 9781614992370 (hardcover)
|
| 020 |
|
|
|a 9781614992387
|q (electronic bk.)
|
| 035 |
|
|
|a (MiAaPQ)EBC1441796
|
| 035 |
|
|
|a (Au-PeEL)EBL1441796
|
| 035 |
|
|
|a (CaPaEBR)ebr10767166
|
| 035 |
|
|
|a (CaONFJC)MIL515994
|
| 035 |
|
|
|a (OCoLC)859342933
|
| 040 |
|
|
|a MiAaPQ
|b eng
|e rda
|e pn
|c MiAaPQ
|d MiAaPQ
|
| 050 |
|
4 |
|a HG176.7
|b .R43 2013
|
| 245 |
0 |
0 |
|a Real options, ambiguity, risk and insurance :
|b world class university program in financial engineering, Ajou University. Volume two /
|c edited by Alain Bensoussan, Shige Peng, Jaeyoung Sung.
|
| 264 |
|
1 |
|a Washington, DC :
|b IOS Press,
|c [2013]
|
| 264 |
|
4 |
|c 2013
|
| 300 |
|
|
|a 1 online resource (296 pages).
|
| 336 |
|
|
|a text
|2 rdacontent
|
| 337 |
|
|
|a computer
|2 rdamedia
|
| 338 |
|
|
|a online resource
|2 rdacarrier
|
| 490 |
1 |
|
|a Studies in probability, optimization and statistics,
|x 0928-3986 ;
|v volume 5
|
| 500 |
|
|
|a Includes index.
|
| 505 |
0 |
|
|a part 1. Real options -- part 2. Ambiguity -- part 3. Risk and insurance.
|
| 588 |
|
|
|a Description based on print version record.
|
| 590 |
|
|
|a Electronic reproduction. Ann Arbor, MI : ProQuest, 2016. Available via World Wide Web. Access may be limited to ProQuest affiliated libraries.
|
| 650 |
|
0 |
|a Financial engineering.
|
| 650 |
|
0 |
|a Investments.
|
| 655 |
|
4 |
|a Electronic books.
|
| 700 |
1 |
|
|a Bensoussan, Alain.
|
| 700 |
1 |
|
|a Peng, Shige.
|
| 700 |
1 |
|
|a Sung, Jaeyoung.
|
| 776 |
0 |
8 |
|i Print version:
|t Real options, ambiguity, risk and insurance : world class university program in financial engineering, Ajou University. Volume two.
|d Washington, DC : IOS Press, [2013]
|h xiii, 279 pages
|k Studies in probability, optimization and statistics ; volume 5
|z 9781614992370
|w (DLC)17663533
|
| 797 |
2 |
|
|a ProQuest (Firm)
|
| 830 |
|
0 |
|a Studies in probability, optimization, and statistics ;
|v v. 5.
|
| 856 |
4 |
0 |
|u https://ebookcentral.proquest.com/lib/matrademy/detail.action?docID=1441796
|z Click to View
|